Therapeutic effects of antimicrobials: A ready reckoner (Record no. 360901)

MARC details
000 -LEADER
fixed length control field 00560 a2200205 4500
005 - DATE & TIME
control field 20250515131027.0
008 - FIXED-LENGTH DATA ELEMENTS--GENERAL INFORMATION
fixed length control field 250515b |||||||| |||| 00| 0 eng d
020 ## - ISBN
International Standard Book Number 9788197252044
Price Rs. 495.00
040 ## - CATALOGING SOURCE
Original cataloging agency VIVEKANANDA LIBRARY
082 ## - DDC NUMBER
Classification number 615.7922
Book Number C392T
100 ## - MAIN ENTRY--PERSONAL NAME
Personal name Chatterjee, T K
245 ## - TITLE STATEMENT
Title Therapeutic effects of antimicrobials: A ready reckoner
260 ## - PUBLICATION, DISTRIBUTION, ETC. (IMPRINT)
Name of publisher, distributor, etc PharmaMed Press
Date of publication, distribution, etc 2024
Place of publication, distribution, etc Hyderabad
300 ## - PHYSICAL DESCRIPTION
Pages xx, 370
650 ## - Subject
Subject Pharmacy
650 ## - Subject
Subject Pharmaceutical Science
650 ## - Subject
Subject Antimicrobials
700 ## - Added Entry Personal Name
Relationship Chatterjee, Saikat
942 ## - ADDED ENTRY ELEMENTS (KOHA)
Koha item type Books
Holdings
Withdrawn status Lost status Source of classification or shelving scheme Damaged status Not for loan Location (home branch) Sublocation or collection (holding branch) Shelving location Date acquired Koha issues (times borrowed) Koha full call number Accession No. Koha date last seen Koha item type
    Dewey Decimal Classification     VIVEKANANDA LIBRARY VIVEKANANDA LIBRARY Vivekananda Library 22/01/2025   615.7922 C392T 441779 22/01/2025 Books
© Designed and Maintained by Vivekananda Library, MDU Rohtak